[Event "36th European Club Cup 2021"]
[Site "Struga"]
[Date "2021.09.20"]
[Round "3.59"]
[White "Buzeti, Jernej"]
[Black "Dardha, Arben"]
[Result "1/2-1/2"]
[WhiteElo "2236"]
[BlackElo "2253"]
[Annotator "NA"]
[PlyCount "100"]
[EventDate "2021.09.18"]
[EventType "team-tourn"]
[EventCountry "MKD"]
[SourceTitle "playchess.com"]
[Source "ChessBase"]
[SourceQuality "1"]
[TimeControl "40/5400+30:1800+30"]

1. e4 {[%emt 0:00:09]} c5 {[%emt 0:00:05]} 2. Nf3 {[%emt 0:00:07]} Nc6 {
[%emt 0:00:03]} 3. Nc3 {[%emt 0:00:49]} e5 {[%emt 0:00:09]} 4. Bc4 {[%emt 0:01:
27]} d6 {[%emt 0:00:15]} 5. d3 {[%emt 0:00:29]} Be7 {[%emt 0:00:12]} 6. O-O {
[%emt 0:00:25]} Nf6 {[%emt 0:00:29]} 7. Ng5 {[%emt 0:01:16]} O-O {[%emt 0:00:
21]} 8. f4 {[%emt 0:00:21]} h6 {[%emt 0:00:39]} 9. Nf3 {[%emt 0:00:49]} exf4 {
[%emt 0:00:35]} 10. Bxf4 {[%emt 0:00:29]} Be6 {[%emt 0:00:47]} 11. Nd5 {
[%emt 0:30:28]} Bxd5 {[%emt 0:16:00]} 12. exd5 {[%emt 0:00:46]} Nd4 {[%emt 0:
06:15]} 13. Nxd4 {[%emt 0:07:51]} cxd4 {[%emt 0:00:44]} 14. Qf3 {[%emt 0:00:14]
} Qd7 {[%emt 0:05:42]} 15. a4 {[%emt 0:06:03]} a6 {[%emt 0:01:45]} 16. Rae1 {
[%emt 0:01:57]} Rae8 {[%emt 0:02:19]} 17. Bb3 {[%emt 0:11:25]} Nh7 {[%emt 0:14:
37]} 18. Qg3 {[%emt 0:14:30]} Kh8 {[%emt 0:01:56]} 19. h3 {[%emt 0:04:14]} Rd8
{[%emt 0:08:53]} 20. Re2 {[%emt 0:02:55]} Bf6 {[%emt 0:06:07]} 21. Rfe1 {
[%emt 0:00:40]} Rg8 {[%emt 0:04:20]} 22. Kh2 {[%emt 0:04:27]} Nf8 {[%emt 0:11:
16]} 23. Qf3 {[%emt 0:02:00]} Qf5 {[%emt 0:04:49]} 24. Qe4 {[%emt 0:02:16]}
Qxe4 {[%emt 0:03:18]} 25. Rxe4 {[%emt 0:00:30]} Ng6 {[%emt 0:00:38]} 26. Bd2 {
[%emt 0:00:34]} Be5+ {[%emt 0:00:34]} 27. Kh1 {[%emt 0:00:18]} f5 {[%emt 0:00:
43]} 28. R4e2 {[%emt 0:00:10]} Bg3 {[%emt 0:01:37]} 29. Rf1 {[%emt 0:00:32]} f4
{[%emt 0:04:39]} 30. Re6 {[%emt 0:01:57]} Kh7 {[%emt 0:01:19]} 31. Ba5 {
[%emt 0:00:51]} Rd7 {[%emt 0:00:46]} 32. Be1 {[%emt 0:01:17]} Bxe1 {[%emt 0:01:
23]} 33. Rfxe1 {[%emt 0:00:02]} Ne5 {[%emt 0:00:14]} 34. Re4 {[%emt 0:02:06]}
Rf8 {[%emt 0:00:09]} 35. Rxd4 {[%emt 0:00:49]} f3 {[%emt 0:00:11]} 36. gxf3 {
[%emt 0:00:20]} Rxf3 {[%emt 0:00:20]} 37. Re4 {[%emt 0:02:19]} Rdf7 {[%emt 0:
00:41]} 38. R6xe5 {[%emt 0:00:58]} dxe5 {[%emt 0:01:01]} 39. Rxe5 {[%emt 0:00:
32]} R7f6 {[%emt 0:02:05]} 40. Kg2 {[%emt 0:00:00]} Rf2+ {[%emt 0:00:00]} 41.
Kg1 {[%emt 0:03:36]} R2f4 {[%emt 0:04:40]} 42. Re2 {[%emt 0:03:14]} h5 {
[%emt 0:03:32]} 43. c3 {[%emt 0:09:01]} Rf3 {[%emt 0:02:10]} 44. Kg2 {[%emt 0:
00:41]} h4 {[%emt 0:00:11]} 45. d4 {[%emt 0:01:02]} Rg3+ {[%emt 0:00:37]} 46.
Kh2 {[%emt 0:00:28]} Rff3 {[%emt 0:07:34]} 47. d6 {[%emt 0:04:33]} Rxh3+ {
[%emt 0:00:08]} 48. Kg2 {[%emt 0:00:04]} Rhg3+ {[%emt 0:01:50]} 49. Kh2 {
[%emt 0:00:12]} Rh3+ {[%emt 0:10:19]} 50. Kg2 {[%emt 0:00:24]} Rhg3+ {[%emt 0:
03:36]} 1/2-1/2

[Event "36th European Club Cup 2021"]
[Site "Struga"]
[Date "2021.09.20"]
[Round "3.60"]
[White "Jeitz, Christian"]
[Black "Bratkovic, Sham"]
[Result "1/2-1/2"]
[WhiteElo "2231"]
[BlackElo "2213"]
[Annotator "NA"]
[PlyCount "92"]
[EventDate "2021.09.18"]
[EventType "team-tourn"]
[EventCountry "MKD"]
[SourceTitle "playchess.com"]
[Source "ChessBase"]
[SourceQuality "1"]
[TimeControl "40/5400+30:1800+30"]

1. e4 {[%emt 0:00:03]} c5 {[%emt 0:01:35]} 2. Nf3 {[%emt 0:00:06]} e6 {[%emt 0:
00:39]} 3. g3 {[%emt 0:00:12]} Nc6 {[%emt 0:01:16]} 4. Bg2 {[%emt 0:00:09]} Nf6
{[%emt 0:00:57]} 5. Qe2 {[%emt 0:00:37]} e5 {[%emt 0:01:06]} 6. d3 {[%emt 0:00:
58]} Be7 {[%emt 0:02:12]} 7. Bg5 {[%emt 0:14:18]} O-O {[%emt 0:01:24]} 8. O-O {
[%emt 0:01:21]} d6 {[%emt 0:04:12]} 9. h3 {[%emt 0:06:01]} Ne8 {[%emt 0:02:33]}
10. Bxe7 {[%emt 0:00:32]} Qxe7 {[%emt 0:00:30]} 11. Nc3 {[%emt 0:04:07]} Nc7 {
[%emt 0:04:44]} 12. Nd5 {[%emt 0:03:00]} Qd8 {[%emt 0:06:55]} 13. c3 {[%emt 0:
05:19]} Be6 {[%emt 0:05:49]} 14. Nxc7 {[%emt 0:11:04]} Qxc7 {[%emt 0:00:06]}
15. Nd2 {[%emt 0:00:11]} Qd7 {[%emt 0:11:15]} 16. Kh2 {[%emt 0:00:22]} d5 {
[%emt 0:02:50]} 17. f4 {[%emt 0:07:31]} f6 {[%emt 0:06:57]} 18. f5 {[%emt 0:02:
44]} Bf7 {[%emt 0:00:27]} 19. exd5 {[%emt 0:00:44]} Bxd5 {[%emt 0:01:24]} 20.
Ne4 {[%emt 0:01:11]} b6 {[%emt 0:03:03]} 21. g4 {[%emt 0:07:09]} Ne7 {[%emt 0:
07:59]} 22. Rf3 {[%emt 0:11:44]} Bb7 {[%emt 0:04:55]} 23. Rg3 {[%emt 0:01:06]}
Kh8 {[%emt 0:09:29]} 24. Bh1 {[%emt 0:00:58]} Nd5 {[%emt 0:01:53]} 25. Rd1 {
[%emt 0:06:20]} Nf4 {[%emt 0:01:54]} 26. Qf1 {[%emt 0:02:08]} Rad8 {[%emt 0:01:
05]} 27. Nf2 {[%emt 0:01:59]} Bxh1 {[%emt 0:01:07]} 28. Qxh1 {[%emt 0:00:15]}
Qa4 {[%emt 0:01:19]} 29. Rd2 {[%emt 0:05:34]} Qxa2 {[%emt 0:01:19]} 30. Ne4 {
[%emt 0:00:18]} Qa6 {[%emt 0:01:50]} 31. Qf3 {[%emt 0:00:37]} Qb7 {[%emt 0:02:
10]} 32. h4 {[%emt 0:01:09]} c4 {[%emt 0:02:52]} 33. dxc4 {[%emt 0:03:04]}
Rxd2+ {[%emt 0:00:23]} 34. Nxd2 {[%emt 0:00:02]} Qxf3 {[%emt 0:00:10]} 35. Rxf3
{[%emt 0:01:05]} Rd8 {[%emt 0:00:40]} 36. Ne4 {[%emt 0:01:04]} h6 {[%emt 0:00:
51]} 37. b4 {[%emt 0:01:17]} a5 {[%emt 0:02:40]} 38. c5 {[%emt 0:01:04]} axb4 {
[%emt 0:00:49]} 39. cxb4 {[%emt 0:00:45]} Rd4 {[%emt 0:01:21]} 40. Nd6 {
[%emt 0:00:00]} Rxb4 {[%emt 0:00:00]} 41. Ra3 {[%emt 0:09:21]} bxc5 {[%emt 0:
10:37]} 42. Ra8+ {[%emt 0:00:27]} Kh7 {[%emt 0:00:06]} 43. h5 {[%emt 0:08:52]}
Rb2+ {[%emt 0:10:19]} 44. Kh1 {[%emt 0:00:09]} Rb1+ {[%emt 0:00:20]} 45. Kh2 {
[%emt 0:00:04]} Rb2+ {[%emt 0:00:09]} 46. Kh1 {[%emt 0:00:03]} Rb1+ {[%emt 0:
17:19]} 1/2-1/2

[Event "36th European Club Cup 2021"]
[Site "Struga"]
[Date "2021.09.21"]
[Round "4.1"]
[White "Svidler, Peter"]
[Black "Grischuk, Alexander"]
[Result "1/2-1/2"]
[WhiteElo "2701"]
[BlackElo "2775"]
[Annotator "TA"]
[PlyCount "60"]
[EventDate "2021.09.18"]
[EventType "team-tourn"]
[EventCountry "MKD"]
[SourceTitle "playchess.com"]
[Source "ChessBase"]
[SourceQuality "1"]

{[%evp 25,60,9,38,0,19,0,0,0,0,0,0,0,0,0,0,0,0,0,0,0,0,0,0,0,0,0,0,0,0,0,0,0,0,
0,0,0,0]} 1. e4 {Huzman,A} e5 2. Nf3 Nf6 3. Nxe5 d6 4. Nf3 Nxe4 5. d4 d5 6. Bd3
Bd6 7. O-O O-O 8. c4 c6 9. cxd5 cxd5 10. Nc3 Nxc3 11. bxc3 Bg4 12. h3 Bh5 13.
Rb1 {[%cal Ba1b1,Bb1b5,Bb5b7,Bb7b6][%mdl 32]} Nd7 14. Rb5 {C42: Petroff
Defence: 3 Nxe5 and unusual White 3rd moves.} Nf6 {[#] The position is equal.}
15. g4 $146 ({Predecessor:} 15. Bg5 Rc8 16. g4 Bg6 17. Bxg6 hxg6 18. Qb3 b6 19.
Re1 Re8 20. Rxe8+ Qxe8 21. Bxf6 gxf6 22. Rxd5 Bf8 23. g5 Qe6 24. gxf6 Rxc3 25.
Qxc3 {1/2-1/2 (25) Smirin,I (2656)-Morozevich,A (2679) Biel 2003 CBM 097 
[Huzman,A]}) 15... a6 16. Rxb7 Bxg4 17. hxg4 {And now Nh4 would win.} Qc8 {
[%mdl 64] [#] Double Attack} 18. Rb6 Qxg4+ 19. Kh1 Qh3+ 20. Kg1 Qg4+ 21. Kh1
Qh3+ 22. Kg1 Qg4+ 23. Kh1 Qh3+ 24. Kg1 Qg4+ 25. Kh1 Qh3+ 26. Kg1 Qg4+ 27. Kh1
Qh3+ 28. Kg1 Qg4+ 29. Kh1 Qh3+ 30. Kg1 Qg4+ {An uneventful encounter. 
Weighted Error Value: White=0.09/Black=0.03} 1/2-1/2

[Event "36th European Club Cup 2021"]
[Site "Struga"]
[Date "2021.09.21"]
[Round "4.2"]
[White "Malakhov, Vladimir"]
[Black "Esipenko, Andrey"]
[Result "0-1"]
[WhiteElo "2666"]
[BlackElo "2720"]
[Annotator "TA"]
[PlyCount "70"]
[EventDate "2021.09.18"]
[EventType "team-tourn"]
[EventCountry "MKD"]
[SourceTitle "playchess.com"]
[Source "ChessBase"]
[SourceQuality "1"]

{[%evp 10,70,22,27,26,11,28,21,15,11,23,0,1,0,0,-8,0,-9,28,0,35,11,10,-12,-15,
-200,-194,-199,-189,-220,-188,-188,-209,-216,-159,-162,-112,-343,-343,-335,
-328,-322,-316,-1098,-1065,-1053,-1010,-1454,-1405,-1206,-1221,-692,-386,-521,
-366,-374,-371,-2088,-2068,-29972,-939,-1645,-680]} 1. Nf3 d5 2. g3 Nc6 3. d4
Bf5 4. Bg2 Nb4 5. Na3 {[%cal Bb1a3,Ba3c2,Bc2e3][%mdl 32]} e6 6. O-O Nc6 {
D02: 1 d4 d5 2 Nf3 sidelines, including 2...Nf6 3 g3 and 2...Nf6 3 Bf4.} 7. b3
Nf6 8. Bb2 {[#]} h5 $146 {The position is equal.} ({Predecessor:} 8... Be7 9.
c4 O-O 10. Nc2 h6 11. Rc1 Be4 12. Ne3 a5 13. a3 Nb8 14. Bh3 c6 {1-0 (68)
Rodshtein,M (2599)-Donchenko,A (2641) Chess.com INT 2021}) 9. c4 Ne4 10. Nc2 h4
11. Ne3 {Hoping for cxd5.} hxg3 12. hxg3 Bg6 13. Rc1 Be7 14. b4 Bg5 {Strongly
threatening ...Nxg3!} ({Much worse is} 14... Bxb4 $6 15. cxd5 exd5 16. Qb3 $16)
15. Qb3 {[%cal Rc4d5]} a5 {[%cal Ba7a5,Ba5a4,Ba4a3][%mdl 32]} 16. cxd5 {[#]} a4
$1 {[%cal Ra4b3]} 17. Qc4 (17. Qa3 $11 exd5 18. Rfd1) 17... Bxe3 $19 18. dxc6 {
[#]} b5 $36 {[%mdl 2048] White is under strong pressure.} 19. Qxb5 (19. Qd3
Bxc1) 19... Nxf2 20. Rxf2 a3 21. Bc3 {Bd2 is the strong threat.} Rh5 22. Ne5 {
Threatens to win with Rcf1.} Bxc1 23. Bf3 $2 {[#]} (23. g4 $17 Rg5 24. Rf3)
23... Qg5 $1 {[%cal Rg5g3]} 24. Bxh5 Qxg3+ {[%mdl 64] Double Attack} 25. Kf1
Qh3+ ({Not} 25... Bxh5 26. Be1 $19) 26. Kg1 $2 (26. Rg2 Be3 27. Nf3 Bxh5 28.
Ng1 Bxe2+ 29. Qxe2 Bxg1 {[%mdl 64] Discovered Attack} 30. Kxg1 Qxc3 {[%mdl 64]
Double Attack} 31. d5 Qd4+ {[%mdl 64] Double Attack} 32. Kf1 Qxd5 33. Rxg7 Qxc6
34. Rg8+ Ke7 35. Rxa8 Qxa8 36. Qc4 Qf3+ 37. Ke1) 26... Be3 {( -> ...Qg3+)} 27.
Be1 Qxh5 28. Qb7 Rd8 29. Nf3 Qg4+ 30. Kf1 Bxf2 31. Bxf2 Qf4 32. b5 {aiming for
b6.} Be4 33. Kg2 $2 (33. b6 Qc1+ {[%mdl 64] Double Attack} 34. Be1 Qxc6 35.
Qxc6+ Bxc6 36. bxc7) 33... g5 34. b6 cxb6 (34... g4 $142 35. Kf1 gxf3 36. Qa6
Qc1+ 37. Be1 f2 {[%mdl 64] Decoy} 38. Kxf2 Qf4+ 39. Kg1 Qg4+ 40. Kf2 Bxc6 41.
Qxa3 Qg2+ 42. Ke3 Qh3+ 43. Kf2 Qxa3 44. bxc7 Rc8 45. Kf1 Qc1 46. d5 Bxd5 47. e4
Rxc7 48. Kg2 Qxe1 49. Kf3 Qxe4+ 50. Kf2 Rc2+ {[%mdl 64] Double Attack} 51. Kg3
Rg2+ 52. Kh3 Qh7#) 35. Kg1 Qc1+ {Weighted Error Value: White=1.11/Black=0.31} (
35... g4 $142 36. Bh4 f6) 0-1

[Event "36th European Club Cup 2021"]
[Site "Struga"]
[Date "2021.09.21"]
[Round "4.3"]
[White "Fedoseev, Vladimir"]
[Black "Dreev, Aleksey"]
[Result "1/2-1/2"]
[WhiteElo "2708"]
[BlackElo "2637"]
[Annotator "TA"]
[PlyCount "95"]
[EventDate "2021.09.18"]
[EventType "team-tourn"]
[EventCountry "MKD"]
[SourceTitle "playchess.com"]
[Source "ChessBase"]
[SourceQuality "1"]

{[%evp 10,95,17,13,27,23,17,13,27,28,39,25,31,30,20,17,43,0,64,9,20,9,26,26,25,
18,18,22,16,17,27,18,37,14,57,26,107,87,79,87,89,38,180,173,177,155,172,164,
163,150,140,145,191,125,134,89,152,0,0,0,0,0,0,0,0,0,0,0,0,0,0,0,0,0,0,0,0,0,0,
0,0,0,0,0,0,0,0,0]} 1. e4 {Postny,E} c6 2. d4 d5 3. e5 Bf5 4. Nd2 e6 5. Nb3 Nd7
6. Nf3 Qc7 {B12: Caro-Kann: Advance Variation.} 7. Be2 c5 8. c3 $1 {[%mdl 4]
is recently more successful than 8.dxc5.} c4 9. Nbd2 {[%cal Bb3d2,Bd2f1,Bf1e3]
[%mdl 32]} h6 {[#]} 10. Nf1 $146 ({Predecessor:} 10. b3 cxb3 11. Qxb3 Ne7 12.
c4 Nc6 13. cxd5 exd5 14. O-O Nb6 15. a4 a5 16. Bb5 {1/2-1/2 (26) Volokitin,A 
(2623)-Postny,E (2575) Austria 2018 CBM 184 [Postny,E]}) 10... Ne7 11. Ne3 Bh7
12. O-O Nf5 13. Ne1 f6 (13... Nxe3 $11 14. Bxe3 Be7) 14. Bh5+ (14. Nxf5 $14
Bxf5 15. Bg4) 14... g6 $11 15. Nxf5 exf5 16. Be2 fxe5 17. dxe5 Nxe5 ({Much
worse is} 17... Qxe5 $6 18. Nf3 $16) 18. Qxd5 Bg8 19. Qb5+ Nd7 20. Be3 a6 21.
Qa4 Bc5 22. Bxc5 b5 (22... Qxc5 $11 23. Nf3 O-O-O) 23. Qd1 $16 Nxc5 24. Qd4 $36
{[%mdl 2048] Black is under strong pressure.} Rh7 25. Qf6 (25. Rd1 $16) 25...
Re7 (25... Bf7 $1 $14) 26. Qxg6+ $18 Bf7 27. Qf6 O-O-O {[#]} 28. Rd1 $1 Rxe2
29. Rxd8+ Qxd8 30. Qxf5+ Kb8 31. Qxc5 ({White should try} 31. Qxf7 $18 Rxb2 32.
Nf3) 31... Bd5 $16 32. b4 Bb7 {[#]} ({Better is} 32... Kb7) 33. a4 $2 (33. Qf5
$1 $16) 33... Qg8 $11 {The position is equal.} 34. g3 bxa4 35. Ng2 Qg4 ({
Don't go for} 35... Qd5 $2 36. Qxd5 Bxd5 37. Nf4 $18) 36. Rd1 Re8 37. Qd6+ Ka8
38. Re1 $1 {[%cal Re1e8]} Rxe1+ 39. Nxe1 Qe4 {[%cal Re4e1]} 40. Kf1 a3 41. b5 {
Strongly threatening Qd8+.} Bc8 {...Bh3+ is the strong threat.} ({Don't blunder
} 41... axb5 $2 42. Qxa3+ Kb8 43. Qd6+ Kc8 44. Qxh6 $18) 42. f3 Qe3 {And now ..
.Bh3+ would win.} 43. Qf8 Kb8 44. Qd6+ Ka8 {aiming for ...Bh3+.} 45. Qf8 Kb8
46. Qd6+ Ka8 {Threatens to win with ...Bh3+.} 47. Qd8 Kb8 48. Qd6+ {Black
escapes into a draw.  Weighted Error Value: White=0.15/Black=0.17} 1/2-1/2

[Event "36th European Club Cup 2021"]
[Site "Struga"]
[Date "2021.09.21"]
[Round "4.4"]
[White "Rublevsky, Sergei"]
[Black "Alekseenko, Kirill"]
[Result "0-1"]
[WhiteElo "2641"]
[BlackElo "2693"]
[Annotator "TA"]
[PlyCount "80"]
[EventDate "2021.09.18"]
[EventType "team-tourn"]
[EventCountry "MKD"]
[SourceTitle "playchess.com"]
[Source "ChessBase"]
[SourceQuality "1"]

{[%evp 16,80,24,11,26,18,21,14,6,18,10,0,3,0,21,-17,-9,-17,-17,-20,-10,-14,-14,
-12,-16,-13,-20,-34,-47,-53,-35,-68,-67,-61,-33,-39,-38,-58,-49,-49,0,0,0,0,0,
0,0,0,0,0,0,0,0,-354,-425,-497,-492,-462,-432,-29977,-29979,-29979,0,-29980,
-29981,-29980,-29981]} 1. e4 c5 2. Nf3 d6 3. d4 cxd4 4. Nxd4 Nf6 5. Nc3 a6 6.
Be2 e5 7. Nb3 Be7 8. O-O O-O 9. Re1 h6 $5 {[%mdl 4] Exploring less charted
territory. B92: Sicilian Najdorf: 6 Be2.} (9... Be6 10. Bf3 Nbd7 11. a4 Qb8 12.
h3 Rc8 13. Nd2 Bd8 14. Nf1 Bb6 15. a5 Bd4 16. Ne2 Bc5 17. Be3 b6 18. axb6 Qxb6
{0-1 (39) Rublevsky,S (2665)-Alekseenko,K (2625) Sochi 2018}) 10. a4 Be6 11.
Bf3 {[#]} Nh7 $146 {The position is equal.} ({Predecessor:} 11... Qc7 12. h3
Nbd7 13. Nd2 Rfc8 14. Nf1 Rab8 15. Ne3 b5 16. axb5 axb5 17. Bd2 b4 {1-0 (38)
Durarbayli,V (2549)-Atabayev,Y (2431) Kazan 2013}) 12. Nd5 Bg5 13. Be3 Bxe3 14.
Rxe3 Ng5 15. Rd3 Nc6 16. a5 f5 17. exf5 Bxf5 18. Re3 Nxf3+ 19. Rxf3 Qh4 20. Ne3
Be6 21. Rxf8+ Rxf8 22. Qd2 Kh8 23. Rd1 Bxb3 24. cxb3 Nd4 (24... Nxa5 $5 25. f3
Qg5 $1 $15) 25. b4 d5 26. h3 {[#]} Rf3 $1 27. Nf1 $1 ({But not} 27. Nxd5 $2
Rxh3 $1 {[%mdl 512]} 28. gxh3 Nf3+ 29. Kf1 Nxd2+ 30. Rxd2 Qxh3+ 31. Kg1 Qh4 $19
) 27... Rxh3 {[%csl Gh4][%cal Rh3h1]} 28. Ng3 (28. gxh3 $2 Nf3+ 29. Kg2 Nxd2
$19) 28... Qf6 $40 {[%mdl 128] Black mounts an attack.} 29. Qc1 $1 {[%cal
Rc1c8]} Rxg3 30. Qc8+ Kh7 {And now ...Rxg2+! would win.} 31. fxg3 $11 {[%mdl
4096] Endgame KQR-KQN} e4 32. Kh2 ({Wrong is} 32. Qxb7 $2 Ne2+ 33. Kh2 Qe5 $19)
32... Qe5 {Strongly threatening ...Qh5+.} 33. Rxd4 $1 Qxd4 {[%mdl 64] Double
Attack. KQ-KQ} 34. b5 $2 {[%mdl 8192]} (34. Qf5+ $11 {and White has nothing to
worry.} g6 35. Qf7+ Qg7 36. Qxd5) 34... Qe5 $1 $19 {...d4 is the strong threat.
} ({Inferior is} 34... axb5 35. Qf5+ g6 36. Qf7+ Qg7 37. Qxd5 $11) 35. bxa6
bxa6 36. Qxa6 d4 37. Qc4 (37. Qc8 $19 Qh5+ 38. Qh3 Qxa5 39. Qe6 Qh5+ 40. Kg1)
37... d3 38. a6 {[#]} Qh5+ $1 39. Kg1 {[#]} d2 $1 40. Qxe4+ Qg6 {Weighted
Error Value: White=0.37/Black=0.04} 0-1

[Event "36th European Club Cup 2021"]
[Site "Struga"]
[Date "2021.09.21"]
[Round "4.5"]
[White "Matlakov, Maxim"]
[Black "Alekseev, Evgeny"]
[Result "1/2-1/2"]
[WhiteElo "2683"]
[BlackElo "2610"]
[Annotator "TA"]
[PlyCount "60"]
[EventDate "2021.09.18"]
[EventType "team-tourn"]
[EventCountry "MKD"]
[SourceTitle "playchess.com"]
[Source "ChessBase"]
[SourceQuality "1"]

{[%evp 17,60,2,14,5,21,16,10,0,0,-1,20,17,0,0,0,-12,71,-38,30,14,141,148,144,
108,117,114,115,37,61,59,45,44,52,-24,23,46,37,0,13,0,0,0,1,0,0]} 1. d4 Nf6 2.
c4 e6 3. Nf3 d5 4. g3 Bb4+ 5. Nbd2 O-O 6. Bg2 b6 7. O-O Bb7 8. a3 Be7 9. cxd5
exd5 10. b4 {E16: Queen's Indian: 4 g3 Bb7 5 Bg2 Bb4+.} Nbd7 11. Ne5 Re8 12.
Qb3 {[#]} Bd6 $146 ({Predecessor:} 12... Nf8 13. Bb2 a6 14. Rac1 Bd6 15. e3 Ng6
16. f4 Ne7 17. g4 Bxe5 18. fxe5 Nxg4 {1-0 (34) Gumularz,S (2515)-Gajewski,G 
(2603) Warsaw 2021}) 13. f4 b5 14. g4 Nb6 15. g5 Nfd7 16. e4 {[%cal Re4d5]} Nf8
{[#]} (16... Nxe5 $11 17. fxe5 (17. dxe5 Bf8 $15) 17... Be7) 17. Bb2 (17. exd5
Bxe5 18. dxe5 Bxd5 $11) ({Better is} 17. Nxf7 $1 $16 Kxf7 18. e5) 17... Ng6 (
17... a5 $15) 18. Rad1 Bf8 {[#]} (18... a5 $11 {remains equal.}) 19. Qg3 $1 $16
a5 20. bxa5 Nc4 21. Ndxc4 bxc4 22. Kh1 (22. exd5 $16 {Threatens to win with f5.
} Rxa5 23. f5 (23. Nxc4 Rb5 $14) 23... Nxe5 24. dxe5 Rxd5 25. Bxd5 Bc5+ 26. Kg2
Bxd5+ 27. Kh3) 22... Rxa5 $14 23. f5 $1 {[%cal Rf5g6]} Nh8 (23... Nxe5 $2 24.
dxe5 Ba6 25. g6 $18 (25. Rxd5 $2 Rxd5 26. exd5 c3 $19 {[%mdl 64] Discovered
Attack}) (25. exd5 c3 $16)) 24. exd5 Rb5 25. Bc1 ({But not} 25. Nxc4 $2 Bxd5
26. Ne3 (26. a4 $2 Rb4 $19) 26... Bxg2+ 27. Qxg2 Rxe3 $19) (25. Bc3 $14) 25...
Rb3 (25... Rxd5 $5 {[%cal Re8e5]} 26. Rde1 (26. Nxc4 Rxd4 27. Nb2 Bxg2+ 28.
Qxg2 Bxa3 $11) 26... Ba8 $11) 26. Qf2 Bxd5 27. Rfe1 c3 {The position is equal.}
28. Bxd5 Qxd5+ 29. Qg2 Qxg2+ 30. Kxg2 f6 {Weighted Error Value: White=0.21/
Black=0.29} ({Reject} 30... Bxa3 $6 31. Nc4 $16) (30... c2 $5 31. Rd2 $8 f6 $11
) 1/2-1/2

[Event "36th European Club Cup 2021"]
[Site "Struga"]
[Date "2021.09.21"]
[Round "4.6"]
[White "Sychev, Klementy"]
[Black "Ponkratov, Pavel"]
[Result "0-1"]
[WhiteElo "2556"]
[BlackElo "2657"]
[Annotator "TA"]
[PlyCount "102"]
[EventDate "2021.09.18"]
[EventType "team-tourn"]
[EventCountry "MKD"]
[SourceTitle "playchess.com"]
[Source "ChessBase"]
[SourceQuality "1"]

{[%evp 18,102,34,7,13,0,16,0,33,25,43,51,42,25,34,38,84,-22,-40,-36,-24,-43,
-49,-51,-69,-304,-280,-320,-327,-345,-216,-241,-239,-246,-242,-243,-241,-216,
-224,-204,-23,-20,-21,-20,-20,-27,-8,-2,0,-70,0,0,0,0,0,0,0,-35,-30,-46,-47,
-35,-29,-246,-256,-307,-288,-439,-437,-480,-469,-470,-469,-468,-468,-452,-468,
-579,-574,-611,-611,-796,-611,-3769,-3762,-29980,-29981]} 1. e4 e5 2. Nf3 Nc6
3. Bc4 Nf6 4. d3 a6 5. O-O Bc5 6. c3 Ba7 7. a4 d6 8. Re1 O-O 9. h3 Ne7 {
[%cal Bc6e7,Be7g6,Bg6f4][%mdl 32]} 10. Nbd2 {[%cal Bb1d2,Bd2f1,Bf1e3,Be3d5]
[%mdl 32]} Ng6 {C54: Giuoco Piano: 4 c3 Nf6, main lines with 5 d4 and 5 d3.}
11. Bb3 Nh5 12. Nf1 Ngf4 {The position is equal.} 13. d4 Qf6 {[#]} 14. Kh2 $146
({Predecessor:} 14. Ng3 Nxg3 15. fxg3 Ne6 16. Be3 exd4 17. cxd4 c5 18. d5 Nd4
19. Nxd4 cxd4 20. Bd2 {1-0 (42) Kayis,C (2293)-Gerhards,G (2276) ICCF email
2017}) 14... Be6 15. Bc2 g5 16. Ne3 Ng7 17. dxe5 (17. Nd5 $16 Bxd5 18. dxe5
dxe5 19. exd5) 17... dxe5 $11 18. Nd5 $1 {[%cal Rd5f6]} Qh6 {[%cal Rf4h3]} 19.
Bxf4 exf4 20. Kg1 Rad8 21. Qe2 $2 ({White should try} 21. Nd4 $15) 21... g4 $19
22. hxg4 Bxg4 23. Rad1 Nh5 24. Ne7+ Kh8 25. Rxd8 Rxd8 26. Ne5 Bxe2 ({Stronger
than} 26... Ng3 27. Nxf7+ Kg7 28. Nf5+ Bxf5 29. Nxh6 $14) 27. Nxf7+ Kg7 28.
Nxh6 {[#] Hoping for Nef5+.} Kxh6 $2 (28... Rd2 $19 29. Nhf5+ Kf8) 29. Rxe2 $11
f3 30. gxf3 Nf4 31. Kf1 Nxe2 32. Kxe2 {[%mdl 4096] Endgame KRB-KBN} Bc5 33. Nd5
({White should play} 33. Nf5+ $11 Kg5 34. Ng7) 33... c6 ({Better is} 33... Bd6
$1 $15) 34. Nf4 {[#] Strongly threatening Ne6.} Bxf2 35. Ne6 Re8 36. Bb3 Bh4
37. f4 Rg8 38. Nd4 Rg2+ 39. Kd3 {Nf5+ is the strong threat.} Bg3 ({Wrong is} 
39... Rxb2 $2 40. Nf5+ Kg6 41. Nxh4+ Kh5 42. e5 $18) 40. e5 $2 (40. Ne2 $11 {
and White stays safe.}) 40... Bxf4 $19 41. e6 {And now e7 would win.} Bg5 ({
Don't blunder} 41... Rxb2 $2 42. e7 $18) 42. e7 (42. Nf5+ $142 Kg6 43. e7 Rd2+
44. Ke4 Re2+ 45. Kf3) 42... Rd2+ 43. Kc4 b5+ 44. Kc5 Bxe7+ 45. Kxc6 bxa4 46.
Bxa4 {and the idea Nf5+ leaves White hopeful.} Bf6 47. Nc2 Kg5 48. Kb7 h5 49.
Kxa6 h4 50. c4 h3 51. Ne3 h2 {Weighted Error Value: White=0.70/Black=0.23} 0-1

[Event "36th European Club Cup 2021"]
[Site "Struga"]
[Date "2021.09.21"]
[Round "4.7"]
[White "Mikhalevski, Victor"]
[Black "Harikrishna, Pentala"]
[Result "1/2-1/2"]
[WhiteElo "2573"]
[BlackElo "2725"]
[Annotator "TA"]
[PlyCount "67"]
[EventDate "2021.09.18"]
[EventType "team-tourn"]
[EventCountry "MKD"]
[SourceTitle "playchess.com"]
[Source "ChessBase"]
[SourceQuality "1"]

{[%evp 20,67,29,22,30,27,28,26,35,8,12,14,17,0,1,10,13,0,0,0,0,0,0,0,0,0,0,0,8,
0,0,0,0,0,0,0,0,0,0,0,0,0,0,0,0,0,0,0,2,0]} 1. d4 Nf6 2. Nf3 d5 3. c4 e6 4. g3
Be7 5. Bg2 O-O 6. O-O dxc4 7. Ne5 Nc6 8. Bxc6 bxc6 9. Nxc6 Qe8 10. Nxe7+ Qxe7
11. Qa4 a5 {E05: Open Catalan: 5 Nf3 Be7.} 12. Qxc4 Ba6 13. Qc2 Rfd8 {[#]
White has an edge.} 14. b3 $5 $146 {[%mdl 8] An interesting novelty.} ({
Predecessor:} 14. Rd1 c5 15. dxc5 Rxd1+ 16. Qxd1 Qxc5 17. Nc3 Ng4 18. Qf1 Rd8
19. h3 Ne5 20. Be3 {1-0 (41) Maghsoodloo,P (2576)-Khodashenas,M (2405) Teheran
2016}) 14... Rxd4 {The position is equal.} 15. Bb2 Rdd8 16. Na3 Nd5 17. Nc4 a4
18. Ne5 {[#] And now Nc6 would win.} Bb5 19. Nc6 Bxc6 20. Qxc6 Qb4 21. Rfc1
axb3 22. axb3 Rxa1 23. Bxa1 h5 24. Qc4 Qd2 25. Qc2 Qxc2 26. Rxc2 $11 {[%mdl
4096] Endgame KRB-KRN} f5 27. Be5 Rb8 28. f3 Rxb3 29. Bxc7 g5 30. h3 Rb1+ 31.
Kf2 Kf7 32. Be5 g4 33. hxg4 hxg4 34. Rb2 {A rather calm draw.  Weighted Error
Value: White=0.03/Black=0.01} 1/2-1/2